| 000 | 00942cam a22002292 4500 | ||
|---|---|---|---|
| 001 | 0000024245 | ||
| 005 | 20151217152258.0 | ||
| 008 | 130620s xx 000 0 eng d | ||
| 020 | _a0309033497 : | ||
| 040 |
_aKABU _cKABU |
||
| 110 | 2 |
_aNational Research Council (U. S. A.). _bCommission on Life Sciences. _bCommittee on the Institutional Means for Assessment to Public Health. _@0000184233 |
|
| 245 | 1 | 0 |
_aRisk assessment in the Federal Government : _bmanaging the process / _cNational Research Council. |
| 250 | _a1st ed. | ||
| 260 |
_aWasington, D. C. : _bNational Academy Press, _c1983. |
||
| 300 | _axii, 191 p. | ||
| 650 | 0 |
_aCancer _xPrevention _xDecision making _zUnited States. _@0000184234 |
|
| 650 | 0 |
_aHealth risk assessment. _@0000166710 |
|
| 650 | 0 |
_aHealth planning. _xDecision making _zUnited States. _@0000184235 |
|
| 852 | 1 | _9p6953.70 KES | |
| 908 | _a130620 | ||
| 950 | _@1 | ||
| 999 |
_c10203 _d10203 |
||